Entry Nombre corporativo
001 - NÚMERO DE CONTROL
- campo de control: 6453
003 - IDENTIFICADOR DEL NÚMERO DE CONTROL
- campo de control: BNPHU
005 - FECHA Y HORA DE LA ÚLTIMA TRANSACCIÓN
- campo de control: 20250115114737.0
008 - DATOS DE LONGITUD FIJA
- campo de control de longitud fija: 200615|| aca||aabn | a|a d
010 ## - NÚMERO DE CONTROL DE LA BIBLIOTECA DEL CONGRESO
- Número de control de LC: no2002033210
040 ## - FUENTE DE LA CATALOGACIÓN
- Centro catalogador/agencia de origen: DO-SdBNP
- Lengua de catalogación: spa
- Centro/agencia transcriptor: BNPHU
110 1# - ENCABEZAMIENTO-NOMBRE DE ENTIDAD CORPORATIVA
- Nombre de entidad corporativa o nombre de jurisdicción como elemento de entrada: República Dominicana.
- Unidad subordinada: Secretaría de Estado de Cultura
370 ## - LUGAR ASOCIADO
- Lugar de nacimiento: República Dominicana
372 ## - CAMPO DE ACTIVIDAD
- Campo de actividad: República Dominicana - Civilización
- Campo de actividad: Diplomacia cultural
377 ## - LENGUA/LENGUAJE ASOCIADO
- Código del idioma: Español
- Término de lengua/lenguaje: spa
410 1# - TRAZADO DE VÉASE--NOMBRE DE ENTIDAD CORPORATIVA
- Nombre de entidad corporativa o nombre de jurisdicción como elemento de entrada: República Dominicana.
- Unidad subordinada: Cultura, Ministerio de,
510 1# - TRAZADO DE VÉASE ADEMÁS--NOMBRE DE ENTIDAD CORPORATIVA
- Información de relación/Frase instructiva de referencia: Predecesor
- Nombre de entidad corporativa o nombre de jurisdicción como elemento de entrada: República Dominicana.
- Unidad subordinada: Secretaría de Educación, Bellas Artes y Cultos
- Subcampo de control: r
510 1# - TRAZADO DE VÉASE ADEMÁS--NOMBRE DE ENTIDAD CORPORATIVA
- Información de relación/Frase instructiva de referencia: Sucesor
- Nombre de entidad corporativa o nombre de jurisdicción como elemento de entrada: República Dominicana.
- Unidad subordinada: Ministerio de Cultura
- Subcampo de control: r
670 ## - FUENTE DE DATOS ENCONTRADOS
- Cita de la fuente: Work cat.: (OSt)1853: Velleggia, Susana 6447, La máquina de la mirada :, 2007.
670 ## - FUENTE DE DATOS ENCONTRADOS
- Cita de la fuente: Anuario (Centro de Altos Estudios Humanísticos y del Idioma Español (Santo Domingo, República Dominicana), 2001
670 ## - FUENTE DE DATOS ENCONTRADOS
- Cita de la fuente: Website de la Secretaría de Estado de Cultura, June 24, 2004:
- Información encontrada: (República Dominicana, Secretaría de Estado de Cultura)
670 ## - FUENTE DE DATOS ENCONTRADOS
- Cita de la fuente: Apoyo al Programa Especial de Educación Ciudadana (PEEC) de la República Dominicana, 1983
670 ## - FUENTE DE DATOS ENCONTRADOS
- Cita de la fuente: Anuario (Centro de Altos Estudios Humanísticos y del Idioma Español (Santo Domingo, Dominican Republic)), 2001
670 ## - FUENTE DE DATOS ENCONTRADOS
- Identificador Uniforme del Recurso: https://authorities.loc.gov/cgi-bin/Pwebrecon.cgi?AuthRecID=5631521&v1=1&HC=3&SEQ=20250114094143&PID=RNblREIeZvxlqTExlvNEZ-NbLs8v Consultado en 14 de enero, 2025
